000 00316nam a2200133Ia 4500
005 20260328104330.0
008 260328s9999||||xx |||||||||||||| ||und||
100 _aAllen, Cindy
245 0 _aBest of Office /
_cCindy Allen
260 _bSandow
300 _a222 p.
650 _aARQUITECTURA INTERIOR
942 _cBK
999 _c11686
_d11686